Normal view
MARC view
- Buus, Jens,Amann, Markus-Christian,Blumenthal , Daniel.J
Entry Personal Name
001 - CONTROL NUMBER
- control field: 60991
003 - CONTROL NUMBER IDENTIFIER
- control field: NUST
005 - DATE AND TIME OF LATEST TRANSACTION
- control field: 20210628202652.0
008 - FIXED-LENGTH DATA ELEMENTS
- fixed length control field: 210628|| aca||aabn | a|a d
040 ## - CATALOGING SOURCE
- Original cataloging agency: NUST
- Transcribing agency: NUST
100 ## - HEADING--PERSONAL NAME
- Personal name: Buus, Jens,Amann, Markus-Christian,Blumenthal , Daniel.J
670 ## - SOURCE DATA FOUND
- Source citation: Work cat.: (NUST): Buus, Jens,Amann, Markus-Christian,Blumenthal , Daniel.J, Tunable laser diodes and related optical sources, 2005
